000
00247nam a22001097a 4500
082
_a
030
_b
PAR/M
100
_a
PERSONS,JAYNE
245
_a
MILLENIUM FAMILY ENCYCLOPEDIA
260
_a
UK
_b
DK LIMITED
650
_a
FAMILY ENCYCLOPEDIA
_z
UK
942
_c
BK
999
_c
1901
_d
1901